| 000 | 00525nam a22001817a 4500 | ||
|---|---|---|---|
| 003 | OSt | ||
| 005 | 20140310182945.0 | ||
| 008 | 130205t xxu||||| |||| 00| 0 eng d | ||
| 020 | _a9710489923 | ||
| 050 |
_aKPM 880 _b.So67 2011 |
||
| 100 | _aSoriano, Fidelito R. | ||
| 245 |
_aNegotiable instruments : _b(law and application) for business students / _cFidelito R. Soriano |
||
| 260 |
_aManila : _bGIC Enterprises, _c2011. |
||
| 300 |
_a368 p. : _c23 cm. _bill. ; |
||
| 521 | _aBSA | ||
| 942 |
_2lcc _cBK _kLOC |
||
| 999 |
_c17804 _d17804 |
||